Governors of Arkansas by Picture - Statistics

General Stats
  • This quiz has been taken 18 times
    5 since last reset
  • The average score is 19 of 59
Answer Stats
Picture Hint Answer % Correct
1996-2007 Mike Huckabee
100%
2023-Present Sarah Huckabee Sanders
100%
2015-2023 Asa Hutchinson
80%
1979-1981 | 1983-1992 Bill Clinton
80%
1967-1971 Winthrop Rockefeller
80%
1971-1975 Dale Bumpers
60%
1825-1828 George Izard
60%
2007-2015 Mike Beebe
60%
1955-1967 Orval Faubus
60%
1945-1949 Benjamin T. Laney
40%
1897-1901 Daniel Webster Jones
40%
1975-1979 David Pryor
40%
1852-1860 Elias Nelson Conway
40%
1981-1983 Frank D. White
40%
1909-1913 George Washington Donaghey
40%
1819-1824 James Miller
40%
1836-1840 James Sevier Conway
40%
1992-1996 Jim Guy Tucker
40%
1913 Joseph Taylor Robinson
40%
1949-1953 Sid McMath
40%
1877-1881 William Read Miller
40%
1840-1844 Archibald Yell
20%
1874-1877 Augustus Hill Garland
20%
*1975* Bob C. Riley
20%
1937-1941 Carl E. Bailey
20%
1917-1921 Charles Hillman Brough
20%
1873-1874 Elisha Baxter
20%
1953-1955 Francis Cherry
20%
1913-1917 George Washington Hays
20%
1862-1865 Harris Flanagin
20%
1928-1933 Harvey Parnell
20%
1860-1862 Henry Rector
20%
1941-1945 Homer Martin Adkins
20%
1864-1868 Isaac Murphy
20%
1883-1885 James Henderson Berry
20%
1895-1897 James Paul Clarke
20%
1889-1893 James Philip Eagle
20%
1901-1907 Jeff Davis
20%
*1909* Jesse M. Martin
20%
*1979* Joe Purcell
20%
1927-1928 John Ellis Martineau
20%
*1907* John Isaac Moore
20%
1829-1835 John Pope
20%
1849-1852 John Selden Roane
20%
1907 John S. Little
20%
*1913* | 1933-1937 Junius Marion Futrell
20%
1871-1873 Ozra Amander Hadley
20%
1868-1871 Powell Clayton
20%
*1849* Richard C. Byrd
20%
*1844* Samuel Adams
20%
1885-1889 Simon Pollard Hughes Jr.
20%
1921-1925 Thomas Chipman McRae
20%
1881-1883 Thomas James Churchill
20%
1844-1849 Thomas S. Drew
20%
1925-1927 Tom Terral
20%
*1913* William Kavanaugh Oldham
20%
1893-1895 William Meade Fishback
20%
1835-1836 William S. Fulton
20%
*1907* Xenophon Overton Pindall
20%
No matching quizzes found
Score Distribution
Percent of People with Each Score
Percentile by Number Answered
Your Score History
You have not taken this quiz since the last reset